Countries within 500km of Niger - Statistics

General Stats
  • This quiz has been taken 23 times
  • The average score is 9 of 10
Answers on the Map
Answers color-coded by a green-red scale on the quiz's map according to % correct below.
 
Answer Stats
Answer % Correct
Nigeria
100%
Algeria
95%
Chad
95%
Libya
95%
Benin
91%
Burkina Faso
91%
Cameroon
91%
Ghana
91%
Mali
91%
Togo
86%
No matching quizzes found
Score Distribution
Percent of People with Each Score
Percentile by Number Answered
Your Score History
You have not taken this quiz